00628nam a2200193Ia 4500008004100000082002300041100002000064245003400084250000600118260004300124300000800167600002000175630003400195700002000229730003400249942000900283999002100292952012100313151018s9999 xx 000 0 und d bRBASDV6592a612.82 aC. H. Wadington aBioglogy for the Morden world b1 bThe English Langge book societyc1965 a120 aC. H. Wadington aBioglogy for the Morden world aC. H. Wadington aBioglogy for the Morden world cBOOK c1008966d1008963 00104070aRBASDVbRBASDVd1969-07-10g8.00l0oRBASDV6592pRBASDV6592r2015-10-18 00:00:00v8.00w2015-10-18yBOOK